[Event "Pfalz op-A 11th"]
[Site "Neustadt an der Weinstrasse"]
[Date "2020.02.24"]
[Round "6"]
[White "Proettel, Swen"]
[Black "Jacob, Volker"]
[Result "1/2-1/2"]
[WhiteElo "2069"]
[BlackElo "2179"]
[PlyCount "33"]
[EventDate "2020.02.21"]
[EventType "swiss"]
[EventRounds "9"]
[EventCountry "GER"]
[SourceTitle "CBM 195 Extra"]
[Source "ChessBase"]
[SourceDate "2020.05.31"]
[SourceVersion "1"]
[SourceVersionDate "2020.05.31"]
[SourceQuality "1"]

1. e4 e5 2. Nf3 Nc6 3. Bb5 Nd4 4. Bc4 Nxf3+ 5. Qxf3 Qf6 6. Qg3 Bc5 7. Nc3 c6 8. d3 d6 9. f4 Qg6 10. Qxg6 hxg6 11. h3 Ne7 12. Rf1 f6 13. a4 Bd7 14. a5 Kd8 15. Bd2 exf4 16. Bxf4 g5 17. Bd2 1/2-1/2

[Event "Boeblingen op 34th"]
[Site "Boeblingen"]
[Date "2017.12.27"]
[Round "2"]
[White "Lin, Chen"]
[Black "Jacob, Volker"]
[Result "1-0"]
[WhiteElo "2477"]
[BlackElo "2233"]
[PlyCount "69"]
[EventDate "2017.12.26"]
[EventType "swiss"]
[EventRounds "9"]
[EventCountry "GER"]
[SourceTitle "CBM 182 Extra"]
[Source "ChessBase"]
[SourceDate "2018.02.23"]
[SourceVersion "1"]
[SourceVersionDate "2018.02.23"]
[SourceQuality "1"]

1. Nf3 c5 2. e4 a6 3. c3 b6 4. d4 Bb7 5. Bd3 g6 6. 0-0 Bg7 7. Re1 d6 8. Bg5 Nd7 9. Nbd2 Qc7 10. h3 Ngf6 11. e5 dxe5 12. dxe5 Nd5 13. e6 fxe6 14. Rxe6 0-0 15. Bxe7 Nxe7 16. Rxe7 Bf6 17. Re1 Rad8 18. Be4 Bxe4 19. Rxe4 b5 20. c4 Ne5 21. Qc2 Nd3 22. cxb5 axb5 23. Qb3+ Kh8 24. Qxb5 Nxb2 25. Rc1 Qf7 26. Nc4 Nd3 27. Rb1 Bd4 28. Ne3 Qxa2 29. Nxd4 Qxf2+ 30. Kh2 cxd4 31. Ng4 Qc2 32. Re7 Nc5 33. Ra1 Ra8 34. Rxa8 Rxa8 35. Re8+ 1-0

[Event "BL2-Sued 1516"]
[Site "Germany"]
[Date "2016.04.24"]
[Round "2.8"]
[White "Jacob, Volker"]
[Black "Schmidt, Justus"]
[Result "1-0"]
[WhiteElo "2247"]
[BlackElo "2101"]
[PlyCount "73"]
[EventDate "2015.09.20"]
[EventType "team-tourn"]
[EventRounds "9"]
[EventCountry "GER"]
[SourceTitle "EXT 2017"]
[Source "ChessBase"]
[SourceDate "2016.10.25"]
[SourceVersion "1"]
[SourceVersionDate "2016.10.25"]
[SourceQuality "1"]
[WhiteTeam "Viernheim"]
[BlackTeam "Landau"]
[WhiteTeamCountry "GER"]
[BlackTeamCountry "GER"]

1. d4 d5 2. c4 c6 3. Nc3 Nf6 4. e3 Bf5 5. cxd5 cxd5 6. Qb3 Bc8 7. Nf3 e6 8. Ne5 Be7 9. Bd3 0-0 10. 0-0 Nfd7 11. f4 g6 12. Bd2 Nc6 13. Rac1 Ndxe5 14. fxe5 Bd7 15. Ne2 Qb6 16. Qd1 Rac8 17. Nf4 Nxd4 18. exd4 Qxd4+ 19. Kh1 Qxe5 20. Qb3 Bc6 21. Rce1 Qd6 22. a3 Rfe8 23. Bb1 d4 24. Ba2 Rcd8 25. Qh3 Bf8 26. Bb4 Qc7 27. Bxf8 Rxf8 28. Bxe6 Rfe8 29. Nd5 Bxd5 30. Bxd5 Rxe1 31. Rxe1 Qa5 32. Re5 Qd2 33. Qg3 Qxb2 34. h4 d3 35. Re1 Qxa3 36. Rd1 Re8 37. Rxd3 1-0

[Event "BL2-Sued 1516"]
[Site "Germany"]
[Date "2016.02.21"]
[Round "7.7"]
[White "Gohil, Harry"]
[Black "Jacob, Volker"]
[Result "1-0"]
[WhiteElo "2290"]
[BlackElo "2247"]
[PlyCount "47"]
[EventDate "2015.09.20"]
[EventType "team-tourn"]
[EventRounds "9"]
[EventCountry "GER"]
[SourceTitle "EXT 2017"]
[Source "ChessBase"]
[SourceDate "2016.10.25"]
[SourceVersion "1"]
[SourceVersionDate "2016.10.25"]
[SourceQuality "1"]
[WhiteTeam "Schott Mainz"]
[BlackTeam "Viernheim"]
[WhiteTeamCountry "GER"]
[BlackTeamCountry "GER"]

1. d4 Nf6 2. Bg5 e6 3. e4 h6 4. Bxf6 Qxf6 5. c3 d6 6. Bd3 Nc6 7. Ne2 Bd7 8. 0-0 g5 9. Nd2 e5 10. Qb3 Rb8 11. Bb5 a6 12. Bxc6 Bxc6 13. Ng3 exd4 14. Nf3 Qe6 15. Qb4 Bg7 16. Nxd4 Qd7 17. Nh5 Be5 18. f4 gxf4 19. Rxf4 0-0 20. Raf1 f5 21. Rxf5 Rxf5 22. Rxf5 Rf8 23. Qb3+ Rf7 24. Rxe5 1-0

[Event "BL2-Sued 1516"]
[Site "Germany"]
[Date "2016.01.31"]
[Round "6.6"]
[White "Fuchs, Heinz"]
[Black "Jacob, Volker"]
[Result "1/2-1/2"]
[WhiteElo "2305"]
[BlackElo "2247"]
[PlyCount "72"]
[EventDate "2015.09.20"]
[EventType "team-tourn"]
[EventRounds "9"]
[EventCountry "GER"]
[SourceTitle "EXT 2017"]
[Source "ChessBase"]
[SourceDate "2016.10.25"]
[SourceVersion "1"]
[SourceVersionDate "2016.10.25"]
[SourceQuality "1"]
[WhiteTeam "Untergrombach"]
[BlackTeam "Viernheim"]
[WhiteTeamCountry "GER"]
[BlackTeamCountry "GER"]

1. c4 c5 2. Nf3 g6 3. d4 cxd4 4. Nxd4 Nc6 5. e4 Nf6 6. Nc3 Nxd4 7. Qxd4 d6 8. Be2 Bg7 9. Be3 0-0 10. Qd2 Be6 11. 0-0 Qa5 12. Rac1 Rfc8 13. b3 Nd7 14. f3 Nc5 15. Rc2 Qd8 16. b4 Nd7 17. Nb5 a5 18. a3 axb4 19. axb4 Ne5 20. Rfc1 Nc6 21. Nd4 Nxd4 22. Bxd4 Qf8 23. Be3 Ra3 24. Bg5 h6 25. Be3 Kh7 26. Ra2 Rca8 27. Rxa3 Rxa3 28. Bd4 Qh8 29. Bxg7 Qxg7 30. c5 Ra2 31. Qe1 Qb2 32. Bf1 Bh3 33. Rb1 Qc2 34. Rc1 Qb2 35. Rb1 Qc2 36. Rc1 Qb2 1/2-1/2

[Event "Boeblinger op 32nd"]
[Site "Boeblingen"]
[Date "2015.12.29"]
[Round "7"]
[White "Jacob, Volker"]
[Black "Neef, Maximilian"]
[Result "0-1"]
[WhiteElo "2247"]
[BlackElo "2403"]
[PlyCount "113"]
[EventDate "2015.12.26"]
[EventType "swiss"]
[EventRounds "9"]
[EventCountry "GER"]
[SourceTitle "CBM 170 Extra"]
[Source "ChessBase"]
[SourceDate "2016.02.25"]
[SourceVersion "1"]
[SourceVersionDate "2016.02.25"]
[SourceQuality "1"]

1. d4 Nf6 2. c4 g6 3. Nc3 Bg7 4. e4 d6 5. Nf3 0-0 6. Be2 e5 7. 0-0 Nc6 8. d5 Ne7 9. Nd2 a5 10. a3 Bd7 11. b3 c6 12. Bb2 c5 13. Qc2 Bh6 14. Rab1 Ne8 15. Bc1 f5 16. b4 axb4 17. axb4 b6 18. bxc5 bxc5 19. Nb5 Ra6 20. exf5 Nxf5 21. Ne4 Bxc1 22. Qxc1 Rb6 23. Qg5 Qxg5 24. Nxg5 Nf6 25. Nc3 Rfb8 26. Bd3 Kf8 27. Rxb6 Rxb6 28. Rb1 Rb4 29. Nce4 Nxe4 30. Nxe4 Ke7 31. Re1 h6 32. Ra1 Ba4 33. g4 Nd4 34. Kg2 g5 35. h3 Kd7 36. Nc3 Rb3 37. Rxa4 Rxc3 38. Ra7+ Kd8 39. Bf1 Rf3 40. Ra8+ Kc7 41. Rh8 Rf6 42. Bd3 Kb6 43. Ra8 Kb7 44. Rd8 Nf3 45. Be2 Nh4+ 46. Kf1 Ng6 47. Ke1 Kc7 48. Rg8 Kb6 49. Bd3 e4 50. Bxe4 Ne5 51. Rb8+ Kc7 52. Re8 Nxc4 53. Bf5 Nb6 54. Be6 Rf3 55. Re7+ Kb8 56. Bf5 Rxh3 57. Re6 0-1

[Event "BL2-Sued 1516"]
[Site "Germany"]
[Date "2015.11.15"]
[Round "3.4"]
[White "Bosiocic, Marin"]
[Black "Jacob, Volker"]
[Result "1-0"]
[WhiteElo "2566"]
[BlackElo "2247"]
[PlyCount "53"]
[EventDate "2015.09.20"]
[EventType "team-tourn"]
[EventRounds "9"]
[EventCountry "GER"]
[SourceTitle "EXT 2017"]
[Source "ChessBase"]
[SourceDate "2016.10.25"]
[SourceVersion "1"]
[SourceVersionDate "2016.10.25"]
[SourceQuality "1"]
[WhiteTeam "Schoenaich"]
[BlackTeam "Viernheim"]
[WhiteTeamCountry "GER"]
[BlackTeamCountry "GER"]

1. d4 Nf6 2. c4 c5 3. d5 e6 4. Nc3 exd5 5. cxd5 d6 6. e4 g6 7. f4 Bg7 8. Bb5+ Nfd7 9. a4 a6 10. Bd3 Qh4+ 11. g3 Qd8 12. Nf3 0-0 13. 0-0 Nf6 14. f5 Nbd7 15. Bg5 c4 16. Bxc4 Qb6+ 17. Kh1 Qxb2 18. Rc1 b5 19. axb5 axb5 20. Bxb5 Nc5 21. Nd2 Bb7 22. Bc6 Ba6 23. Rc2 Qb4 24. Bxa8 Bxf1 25. Qxf1 Nfxe4 26. Ndxe4 Nxe4 27. Qf4 1-0

[Event "Trieste op 17th"]
[Site "Trieste"]
[Date "2015.09.03"]
[Round "8"]
[White "Jacob, Volker"]
[Black "Monjac, Mislav"]
[Result "1-0"]
[WhiteElo "2269"]
[BlackElo "2222"]
[PlyCount "77"]
[EventDate "2015.08.29"]
[EventType "swiss"]
[EventRounds "9"]
[EventCountry "ITA"]
[SourceTitle "EXT 2016"]
[Source "ChessBase"]
[SourceDate "2015.10.08"]
[SourceVersion "1"]
[SourceVersionDate "2015.10.08"]
[SourceQuality "1"]

1. d4 Nf6 2. c4 e6 3. Nc3 Bb4 4. f3 c5 5. d5 d6 6. e4 Qe7 7. Nge2 Nbd7 8. a3 Ba5 9. Rb1 0-0 10. b4 Bb6 11. Na4 Bc7 12. Nec3 exd5 13. cxd5 cxb4 14. axb4 Nb6 15. Be3 Nxa4 16. Qxa4 Qe5 17. Qb3 a5 18. Nb5 axb4 19. Bd4 Qe7 20. Nxc7 Qxc7 21. Be2 Bd7 22. Qxb4 Ra2 23. Kf2 Qd8 24. Rhd1 Nxe4+ 25. fxe4 Qh4+ 26. Kf1 f5 27. e5 f4 28. Rb2 Ra4 29. Qe1 Qxh2 30. Bf3 Qh1+ 31. Ke2 Qxe1+ 32. Kxe1 dxe5 33. Bc5 Re8 34. Rxb7 Bf5 35. d6 e4 36. Be2 Rc8 37. d7 Bxd7 38. Rdxd7 Rxc5 39. Rd8# 1-0

[Event "Verbandsliga Nordbaden 1415"]
[Site "Baden"]
[Date "2014.12.14"]
[Round "4.2"]
[White "Jacob, Volker"]
[Black "Trevelyan, John"]
[Result "1-0"]
[WhiteElo "2283"]
[BlackElo "2125"]
[PlyCount "33"]
[EventDate "2014.10.12"]
[EventType "team-tourn"]
[EventRounds "9"]
[EventCountry "GER"]
[SourceTitle "EXT 2022"]
[Source "ChessBase"]
[SourceDate "2021.10.06"]
[SourceVersion "1"]
[SourceVersionDate "2021.10.06"]
[SourceQuality "1"]
[WhiteTeam "Viernheim II"]
[BlackTeam "Hockenheim II"]
[WhiteTeamCountry "GER"]
[BlackTeamCountry "GER"]

1. d4 d6 2. Nf3 Nf6 3. c4 Nbd7 4. Nc3 e5 5. e4 Be7 6. Be2 0-0 7. 0-0 c6 8. Qc2 Qc7 9. Bg5 a6 10. Rad1 b5 11. a3 Bb7 12. b4 bxc4 13. dxe5 dxe5 14. Bxc4 a5 15. Nh4 axb4 16. Nf5 Nb6 17. Nb5 1-0

[Event "BL2-Sued 1415"]
[Site "Germany"]
[Date "2014.09.21"]
[Round "1.6"]
[White "Jacob, Volker"]
[Black "Schwarz, Michael"]
[Result "1/2-1/2"]
[WhiteElo "2280"]
[BlackElo "2383"]
[PlyCount "60"]
[EventDate "2014.09.21"]
[EventType "team-tourn"]
[EventRounds "9"]
[EventCountry "GER"]
[SourceTitle "CBM 166 Extra"]
[Source "ChessBase"]
[SourceDate "2015.06.18"]
[SourceVersion "1"]
[SourceVersionDate "2015.06.18"]
[SourceQuality "1"]
[WhiteTeam "Viernheim"]
[BlackTeam "Baden-Baden II"]
[WhiteTeamCountry "GER"]
[BlackTeamCountry "GER"]

1. d4 Nf6 2. c4 e6 3. Nc3 Bb4 4. Bg5 h6 5. Bh4 c5 6. d5 d6 7. e3 g5 8. Bg3 Bxc3+ 9. bxc3 e5 10. Bd3 Qe7 11. h4 Rg8 12. hxg5 hxg5 13. e4 Nbd7 14. Nf3 Nf8 15. Nd2 Bd7 16. Nf1 0-0-0 17. Ne3 Ng6 18. Qd2 Ng4 19. 0-0-0 Rh8 20. Qe2 Nxe3 21. fxe3 Rxh1 22. Rxh1 Rh8 23. Rf1 g4 24. Kd2 Rf8 25. Rf2 Qg5 26. Qf1 f6 27. Bc2 Kc7 28. Bd3 Kd8 29. Qb1 Kc7 30. Qf1 Kc8 1/2-1/2

[Event "Bundesliga 1314"]
[Site "Germany"]
[Date "2013.12.15"]
[Round "6.7"]
[White "Jacob, Volker"]
[Black "Hector, Jonny"]
[Result "0-1"]
[WhiteElo "2276"]
[BlackElo "2503"]
[PlyCount "58"]
[EventDate "2013.10.12"]
[EventType "team-tourn"]
[EventRounds "15"]
[EventCountry "GER"]
[SourceTitle "CBM 158"]
[Source "ChessBase"]
[SourceDate "2014.01.16"]
[SourceVersion "1"]
[SourceVersionDate "2014.01.16"]
[SourceQuality "1"]
[WhiteTeam "Viernheim"]
[BlackTeam "Emsdetten"]
[WhiteTeamCountry "GER"]
[BlackTeamCountry "GER"]

1. d4 d5 2. c4 c6 3. Nc3 Nf6 4. e3 Bf5 5. Nf3 e6 6. Nh4 Be4 7. f3 Bg6 8. Bd2 Bh5 9. Qb3 b6 10. 0-0-0 Be7 11. g4 Bg6 12. g5 Nfd7 13. Nxg6 hxg6 14. f4 dxc4 15. Bxc4 b5 16. Bd3 Nc5 17. Qc2 Nxd3+ 18. Qxd3 Nd7 19. Kb1 Nb6 20. Qc2 a5 21. e4 Qd7 22. h4 a4 23. d5 b4 24. dxe6 Qxe6 25. f5 Qc4 26. fxg6 bxc3 27. Bxc3 fxg6 28. e5 Qe6 29. Bd4 Nd5 0-1

[Event "BL2-Sued 1213"]
[Site "Germany"]
[Date "2013.03.17"]
[Round "8.7"]
[White "Jacob, Volker"]
[Black "Kienast, Joerg"]
[Result "1-0"]
[WhiteElo "2223"]
[BlackElo "2266"]
[PlyCount "77"]
[EventDate "2012.10.14"]
[EventType "team-tourn"]
[EventRounds "9"]
[EventCountry "GER"]
[SourceTitle "CBM 154 Extra"]
[Source "ChessBase"]
[SourceDate "2013.06.25"]
[SourceVersion "2"]
[SourceVersionDate "2013.06.25"]
[SourceQuality "1"]
[WhiteTeam "Viernheim"]
[BlackTeam "Schott Mainz"]
[WhiteTeamCountry "GER"]
[BlackTeamCountry "GER"]

1. d4 Nf6 2. c4 g6 3. Nc3 Bg7 4. e4 d6 5. Bd3 Nbd7 6. Nge2 a6 7. 0-0 0-0 8. h3 Ne8 9. Be3 c5 10. Qd2 Nc7 11. Rad1 Rb8 12. Bb1 cxd4 13. Nxd4 Ne5 14. b3 Bd7 15. f4 Nc6 16. Nde2 Ne8 17. Nd5 b5 18. c5 Be6 19. f5 Bxd5 20. exd5 Ne5 21. c6 b4 22. Bh6 Nf6 23. Ng3 Qb6+ 24. Kh1 Qa5 25. Bxg7 Kxg7 26. fxg6 hxg6 27. Qg5 Nh7 28. Nf5+ Kh8 29. Qh6 Rg8 30. Nxe7 Rg7 31. Rfe1 f6 32. Nxg6+ Nxg6 33. Bxg6 Qxa2 34. Rd2 Rxg6 35. Qxh7+ Kxh7 36. Rxa2 Rg5 37. Rc1 Rxd5 38. Rxa6 Rc8 39. c7 1-0

[Event "BL2-Sued 1213"]
[Site "Germany"]
[Date "2012.12.09"]
[Round "4.7"]
[White "Schneider, Bernd2222"]
[Black "Jacob, Volker"]
[Result "0-1"]
[WhiteElo "2234"]
[BlackElo "2223"]
[PlyCount "76"]
[EventDate "2012.10.14"]
[EventType "team-tourn"]
[EventRounds "9"]
[EventCountry "GER"]
[SourceTitle "CBM 154 Extra"]
[Source "ChessBase"]
[SourceDate "2013.06.25"]
[SourceVersion "2"]
[SourceVersionDate "2013.06.25"]
[SourceQuality "1"]
[WhiteTeam "Untergrombach"]
[BlackTeam "Viernheim"]
[WhiteTeamCountry "GER"]
[BlackTeamCountry "GER"]

1. e4 e5 2. Bc4 Nf6 3. d3 c6 4. Bg5 Be7 5. Nc3 0-0 6. Nf3 d6 7. a4 Nbd7 8. 0-0 Nc5 9. h3 Ne6 10. Bd2 Kh8 11. Ne2 Nh5 12. d4 d5 13. exd5 cxd5 14. Bb3 e4 15. Ne1 f5 16. f4 b6 17. Nc3 Ng3 18. Rf2 Bb7 19. Be3 g5 20. fxg5 f4 21. Qg4 fxe3 22. Rxf8+ Qxf8 23. Qxg3 Bd6 24. Qxe3 Bf4 25. Qf2 Bh2+ 26. Kf1 Ba6+ 27. Nb5 Qg7 28. Qe3 Rf8+ 29. Ke2 Nxd4+ 30. Kd1 Bxb5 31. axb5 Nxb3 32. cxb3 Bf4 33. Qc3 d4 34. Qc6 d3 35. Qc3 Be5 36. Qc4 Bxb2 37. Ra4 Qxg5 38. Rxa7 Qe3 0-1

[Event "Pfalz op 03rd"]
[Site "Neustadt an der Weinstrasse"]
[Date "2012.03.03"]
[Round "9"]
[White "Hecht, Carsten"]
[Black "Jacob, Volker"]
[Result "0-1"]
[WhiteElo "1987"]
[BlackElo "2246"]
[PlyCount "84"]
[EventDate "2012.02.17"]
[EventType "swiss"]
[EventRounds "9"]
[EventCountry "GER"]
[SourceTitle "EXT 2013"]
[Source "ChessBase"]
[SourceDate "2012.11.22"]
[SourceVersion "1"]
[SourceVersionDate "2012.11.22"]
[SourceQuality "1"]

1. d4 Nf6 2. c4 c5 3. d5 e6 4. Nc3 exd5 5. cxd5 d6 6. e4 g6 7. Nf3 Bg7 8. Be2 0-0 9. 0-0 Bg4 10. Nd2 Bxe2 11. Qxe2 Nbd7 12. Nc4 Ne8 13. f4 Nb6 14. Nxb6 Qxb6 15. e5 Nc7 16. Bd2 Rae8 17. Qf2 dxe5 18. Be3 Na6 19. f5 gxf5 20. Qxf5 e4 21. Bf4 Qg6 22. Qxg6 fxg6 23. d6 Bd4+ 24. Kh1 e3 25. d7 Rd8 26. Bh6 Rf7 27. Rxf7 Kxf7 28. Rf1+ Ke6 29. Re1 Nb4 30. Re2 Nd5 31. Nxd5 Kxd5 32. Bxe3 Rxd7 33. Bxd4 cxd4 34. Kg1 Rf7 35. Re8 Kc4 36. Rd8 Kd3 37. b3 Ke3 38. h3 d3 39. Re8+ Kd2 40. Re5 Kd1 41. Re8 d2 42. Rd8 Rc7 0-1

[Event "Pfalz op 03rd"]
[Site "Neustadt an der Weinstrasse"]
[Date "2012.03.03"]
[Round "7"]
[White "Merry, Alan B"]
[Black "Jacob, Volker"]
[Result "0-1"]
[WhiteElo "2100"]
[BlackElo "2246"]
[PlyCount "66"]
[EventDate "2012.02.17"]
[EventType "swiss"]
[EventRounds "9"]
[EventCountry "GER"]
[SourceTitle "EXT 2013"]
[Source "ChessBase"]
[SourceDate "2012.11.22"]
[SourceVersion "1"]
[SourceVersionDate "2012.11.22"]
[SourceQuality "1"]

1. e4 e5 2. Nf3 Nc6 3. Nc3 Nf6 4. Bb5 d6 5. Bxc6+ bxc6 6. d3 Be7 7. b3 0-0 8. Bb2 Nd7 9. Qe2 Nc5 10. 0-0-0 Ne6 11. g3 f5 12. Rdf1 Qe8 13. Nd2 Nd4 14. Qe1 fxe4 15. dxe4 Bh3 16. Rfg1 Nf3 17. Nxf3 Rxf3 18. Qe2 Qf7 19. Nd1 a5 20. a4 c5 21. Bc3 Be6 22. Qb5 c6 23. Qxc6 Rc8 24. Qa6 c4 25. b4 axb4 26. Bxb4 c3 27. g4 Rb8 28. Bxc3 Rxc3 29. Nxc3 Bg5+ 30. Kd1 Qf3+ 31. Qe2 Qxc3 32. Qd3 Bc4 33. Qxc3 Rb1# 0-1

[Event "BL2-Sued 1112"]
[Site "Germany"]
[Date "2011.12.11"]
[Round "4.7"]
[White "Jacob, Volker"]
[Black "Kienast, Joerg"]
[Result "0-1"]
[WhiteElo "2246"]
[BlackElo "2264"]
[PlyCount "70"]
[EventDate "2011.10.02"]
[EventType "team-tourn"]
[EventRounds "9"]
[EventCountry "GER"]
[SourceTitle "EXT 2015"]
[Source "ChessBase"]
[SourceDate "2014.11.20"]
[SourceVersion "1"]
[SourceVersionDate "2014.11.20"]
[SourceQuality "1"]
[WhiteTeam "Viernheim"]
[BlackTeam "Schott Mainz"]
[WhiteTeamCountry "GER"]
[BlackTeamCountry "GER"]

1. d4 Nf6 2. c4 g6 3. Nc3 Bg7 4. e4 d6 5. f3 0-0 6. Bg5 c5 7. d5 a6 8. Qd2 b5 9. cxb5 Qa5 10. Bh6 Bxh6 11. Qxh6 axb5 12. Bxb5 Ba6 13. Bxa6 Nxa6 14. Nge2 Rfb8 15. Qd2 Nd7 16. 0-0 Ne5 17. b3 c4 18. Nd4 Rc8 19. f4 Ng4 20. Nc6 Qc5+ 21. Kh1 Rc7 22. Qe2 Qe3 23. Qxg4 Qxc3 24. Rfc1 Qb2 25. Rab1 Qxa2 26. b4 Nb8 27. b5 Nxc6 28. b6 Ne5 29. fxe5 Rb7 30. exd6 exd6 31. Qf4 c3 32. Qf6 Rc8 33. Qxd6 c2 34. Rb5 Qc4 35. Qb4 Qe2 0-1

[Event "BL2-Sued 1112"]
[Site "Germany"]
[Date "2011.10.23"]
[Round "2.3"]
[White "Jacob, Volker"]
[Black "Bulski, Krzysztof"]
[Result "0-1"]
[WhiteElo "2246"]
[BlackElo "2507"]
[PlyCount "114"]
[EventDate "2011.10.02"]
[EventType "team-tourn"]
[EventRounds "9"]
[EventCountry "GER"]
[SourceTitle "EXT 2015"]
[Source "ChessBase"]
[SourceDate "2014.11.20"]
[SourceVersion "1"]
[SourceVersionDate "2014.11.20"]
[SourceQuality "1"]
[WhiteTeam "Viernheim"]
[BlackTeam "Griesheim"]
[WhiteTeamCountry "GER"]
[BlackTeamCountry "GER"]

1. d4 d5 2. c4 c6 3. Nc3 Nf6 4. e3 e6 5. Nf3 Nbd7 6. Qc2 Bd6 7. b3 0-0 8. Be2 b6 9. 0-0 Bb7 10. Bb2 Rc8 11. Rfd1 Qe7 12. Rac1 Rfd8 13. Qb1 h6 14. Bd3 Bb4 15. Ne2 Bd6 16. Ng3 dxc4 17. Bxc4 c5 18. dxc5 Bxc5 19. Nd4 a6 20. Be2 b5 21. Bf3 Bxf3 22. Nxf3 Ba3 23. Nd4 Bxb2 24. Qxb2 Nc5 25. Qa3 Qd6 26. h3 g6 27. Kh2 Qb6 28. Nf3 b4 29. Qb2 Nd5 30. Rc4 Nc3 31. Rdd4 a5 32. Qd2 Nb7 33. Rxc8 Rxc8 34. Ne5 Rd8 35. Nc4 Rxd4 36. exd4 Qd8 37. Qxh6 Qxd4 38. Qg5 Nd5 39. Qe5 Qxe5 40. Nxe5 Nc3 41. Nc6 Nxa2 42. Ne4 Nc1 43. Nd2 Kf8 44. Kg3 Ke8 45. Kf3 f6 46. Ke3 Kd7 47. Nd4 e5 48. Nc2 Nc5 49. h4 N1xb3 50. Nc4 Nb7 51. g4 Nd6 52. Nxa5 Nxa5 53. Nxb4 Ke6 54. f4 Nac4+ 55. Kf3 e4+ 56. Kg3 f5 57. h5 Ne3 0-1

[Event "Neckar op-A 14th"]
[Site "Deizisau"]
[Date "2010.04.04"]
[Round "6.15"]
[White "Heinemann, Thies"]
[Black "Jacob, Volker"]
[Result "1-0"]
[WhiteElo "2484"]
[BlackElo "2248"]
[PlyCount "67"]
[EventDate "2010.04.01"]
[EventType "swiss"]
[EventRounds "9"]
[EventCountry "GER"]
[SourceTitle "EXT 2015"]
[Source "ChessBase"]
[SourceDate "2014.11.20"]
[SourceVersion "1"]
[SourceVersionDate "2014.11.20"]
[SourceQuality "1"]

1. e4 e5 2. Nf3 Nc6 3. Bb5 g6 4. d4 exd4 5. Bg5 Be7 6. Bxe7 Qxe7 7. 0-0 Qc5 8. Bxc6 bxc6 9. Nxd4 Ne7 10. c3 0-0 11. Nd2 Rb8 12. N4b3 Qb6 13. Re1 f5 14. e5 Ba6 15. Qf3 Rbe8 16. c4 c5 17. Rad1 d6 18. Qf4 d5 19. e6 dxc4 20. Nxc4 Qb4 21. Nbd2 Nd5 22. Qe5 Bb7 23. a3 Qb5 24. Ne3 Qc6 25. Nf3 Nxe3 26. Rxe3 Re7 27. h4 Rfe8 28. Rd7 Bc8 29. Rxe7 Rxe7 30. Ng5 Bb7 31. f3 Qd6 32. Qf6 f4 33. Nf7 Qd4 34. Nh6# 1-0

[Event "Trieste op 11th"]
[Site "Trieste"]
[Date "2009.09.04"]
[Round "7"]
[White "Pregarac, Valter"]
[Black "Jacob, Volker"]
[Result "0-1"]
[WhiteElo "2098"]
[BlackElo "2257"]
[PlyCount "54"]
[EventDate "2009.08.30"]
[EventType "swiss"]
[EventRounds "9"]
[EventCountry "ITA"]
[SourceTitle "CBM 132 Extra"]
[Source "ChessBase"]
[SourceDate "2009.11.03"]
[SourceVersion "1"]
[SourceVersionDate "2009.11.03"]
[SourceQuality "1"]

1. d4 Nf6 2. c4 g6 3. Nc3 Bg7 4. Nf3 0-0 5. Bg5 c5 6. d5 d6 7. e3 h6 8. Bh4 e6 9. Be2 exd5 10. cxd5 Na6 11. Nd2 Nc7 12. e4 b5 13. a4 b4 14. Na2 Re8 15. f3 g5 16. Bg3 Nh5 17. Nc4 Nxg3 18. hxg3 f5 19. exf5 Bxf5 20. Qd2 Qd7 21. g4 Bg6 22. g3 Re7 23. Kf1 Rae8 24. Bd3 Bf7 25. Bf5 Qxa4 26. Qc1 Bxd5 27. Nxd6 Qa6+ 0-1

[Event "Trieste op 11th"]
[Site "Trieste"]
[Date "2009.09.02"]
[Round "5"]
[White "Jacob, Volker"]
[Black "Tonel, Giulia"]
[Result "1-0"]
[WhiteElo "2257"]
[BlackElo "2004"]
[PlyCount "105"]
[EventDate "2009.08.30"]
[EventType "swiss"]
[EventRounds "9"]
[EventCountry "ITA"]
[SourceTitle "CBM 132 Extra"]
[Source "ChessBase"]
[SourceDate "2009.11.03"]
[SourceVersion "1"]
[SourceVersionDate "2009.11.03"]
[SourceQuality "1"]

1. d4 c5 2. d5 f5 3. g3 Nf6 4. Bg2 g6 5. b3 Bg7 6. Bb2 0-0 7. Nh3 d6 8. 0-0 Na6 9. c4 Nc7 10. Nd2 Rb8 11. a4 b6 12. Qc2 e6 13. dxe6 Nxe6 14. Rad1 Ng4 15. Bxg7 Kxg7 16. e3 Qf6 17. Nb1 Rd8 18. Nc3 Nc7 19. Nf4 Be6 20. Rd2 a6 21. Rfd1 Bf7 22. Ncd5 Bxd5 23. Nxd5 Nxd5 24. Rxd5 Ne5 25. Qd2 b5 26. Qa5 bxc4 27. bxc4 Nxc4 28. Qxa6 Rb4 29. a5 Qe7 30. Bf1 Nb2 31. R1d2 c4 32. Rxd6 Rxd6 33. Qxd6 Qxd6 34. Rxd6 Ra4 35. a6 Kh6 36. Rc6 Ra3 37. Bxc4 Nxc4 38. Rxc4 Rxa6 39. h4 Kh5 40. Kg2 Ra2 41. Rf4 Rb2 42. Kh3 Re2 43. Kg2 Ra2 44. Kf3 Rb2 45. Rc4 Ra2 46. Rc7 h6 47. Rf7 Ra5 48. Rf6 Rb5 49. Kg2 Ra5 50. f3 g5 51. Rxf5 Kg6 52. g4 gxh4 53. Kh3 1-0

[Event "Paleochora op 2nd"]
[Site "Paleochora"]
[Date "2009.07.24"]
[Round "5"]
[White "Fontaine, Robert"]
[Black "Jacob, Volker"]
[Result "1-0"]
[WhiteElo "2540"]
[BlackElo "2257"]
[PlyCount "39"]
[EventDate "2009.07.21"]
[EventType "swiss"]
[EventRounds "9"]
[EventCountry "GRE"]
[SourceTitle "CBM 131 Extra"]
[Source "ChessBase"]
[SourceDate "2009.09.03"]
[SourceVersion "2"]
[SourceVersionDate "2009.09.16"]
[SourceQuality "1"]

1. e4 e5 2. Nf3 Nc6 3. Bb5 g6 4. c3 Bg7 5. d4 exd4 6. cxd4 Nge7 7. d5 Ne5 8. Nxe5 Bxe5 9. Nc3 0-0 10. Bh6 Re8 11. 0-0 c6 12. d6 cxb5 13. dxe7 Rxe7 14. Nd5 Re6 15. f4 Bh8 16. f5 Rd6 17. Qf3 Bd4+ 18. Kh1 Rxd5 19. exd5 f6 20. d6 1-0